Chicken Soup For The Soul (Record no. 300732)
[ view plain ]
| 000 -LEADER | |
|---|---|
| fixed length control field | 00390nam a2200157Ia 4500 |
| 008 - FIXED-LENGTH DATA ELEMENTS--GENERAL INFORMATION | |
| fixed length control field | 230718s9999 xx 000 0 und d |
| 041 ## - LANGUAGE CODE | |
| Language code of text/sound track or separate title | eng |
| 082 ## - DEWEY DECIMAL CLASSIFICATION NUMBER | |
| Classification number | 658 |
| Item number | CAN |
| 100 ## - MAIN ENTRY--PERSONAL NAME | |
| Personal name | Canfield J. |
| 245 ## - TITLE STATEMENT | |
| Title | Chicken Soup For The Soul |
| 260 ## - PUBLICATION, DISTRIBUTION, ETC. (IMPRINT) | |
| Date of publication, distribution, etc. | 2000 |
| Name of publisher, distributor, etc. | Health Communication |
| 300 ## - PHYSICAL DESCRIPTION | |
| Extent | 352 |
| 365 ## - TRADE PRICE | |
| Currency code | Rs. |
| Price amount | 195.00 |
| 700 ## - ADDED ENTRY--PERSONAL NAME | |
| Personal name | Canfield J. |
| 906 ## - LOCAL DATA ELEMENT F, LDF (RLIN) | |
| d | B:567206-Jun-2000 |
| c | OTH |
| b | 29.25 |
| Withdrawn status | Lost status | Damaged status | Not for loan | Home library | Current library | Date acquired | Vendor | Budget Code | Cost, normal purchase price | Bill number | Full call number | Barcode | Date last seen | Discount | Cost, replacement price | Bill Date | Koha item type | Original Barcode |
|---|---|---|---|---|---|---|---|---|---|---|---|---|---|---|---|---|---|---|
| Withdrawn | Cummins College of Engineering for Women Pune | Cummins College of Engineering for Women Pune | 20/10/2000 | Technical Book Services | OTH | 165.75 | 5672 | 658 | CCEP-BK-11938 | 18/07/2023 | 29.25 | 195.00 | 06/06/2000 | Books | 011938 |